The man who lives with wolves (Record no. 409819)

MARC details
000 -LEADER
fixed length control field 00539nam a2200205Ia 4500
008 - FIXED-LENGTH DATA ELEMENTS--GENERAL INFORMATION
fixed length control field 191130s2009##################000#0#eng##
020 ## - INTERNATIONAL STANDARD BOOK NUMBER
ISBN 9780007327164
082 ## - DEWEY DECIMAL CLASSIFICATION NUMBER
Classification number 599.773092 ELL
100 ## - MAIN ENTRY--AUTHOR NAME
Personal name Ellis, Shaun
245 ## - TITLE STATEMENT
Title The man who lives with wolves
Statement of responsibility, etc Shaun Ellis
250 ## - EDITION STATEMENT
Edition statement 1st ed
260 ## - PUBLICATION, DISTRIBUTION, ETC. (IMPRINT)
Place of publication New York
Name of publisher HarperCollins
Year of publication 2009
300 ## - PHYSICAL DESCRIPTION
Number of Pages xiv, 268 p. : ill
500 ## - GENERAL NOTE
General note Includes index
650 ## - SUBJECT ADDED ENTRY--TOPICAL TERM
Topical Term Biography
991 ## -
-- 203345

No items available.

Find us on the map